=LDR 00000nam 2200000 4500 =001 INLIS000000000012548 =005 20230227120607 =035 ##$$a 0010-061300000012548 =008 230227###########################0###### =041 ##$$a Ind =082 ##$$a 419.8 =090 ##$$a 419.8, Fan s =100 ##$$a Fautgil, Crist =245 1#$$a Sintaksis Bahasa Biak /$c Crist Fautngil, Frans Rumbrowen, Bontolomens Kainakimu =260 ##$$a jakarta :$b Pusat Pembinaan dan Pengembangan Bahasa,$c 1994 =300 ##$$a 82 hlm. ; $c 21 cm =700 #$$a Rumbalawen, Frans =850 ##$$a NBPNMAT =020 ##$$a 979-459-423-7 =084 ##$$a 419.8 FAU s =650 #4$$a Bahasa biak =990 ##$$a 64.353/Hd-94